000 00574nam a2200145Ia 4500
008 220216s9999 xx 000 0 und d
100 _aSyamala V K
245 0 _aNutrient management in rubber seedling nursery: Effect of inorganic and biofertilizers
260 _bIRC 2012. International Rubber Conference, 28-31 October 2012, Kovalam, India, Rubber Research Institute of India, Kottayam and IRRDB, Malaysia: Abstracts. pp.148-149.
650 _aNutrient management
700 _aGeorge Sherin
700 _aJessy M D
700 _aJoseph Kochuthressiamma
942 _cJS
999 _c64244
_d64244